<?xml version="1.0" encoding="UTF-8"?>
<record
    xmlns:xsi="http://www.w3.org/2001/XMLSchema-instance"
    xsi:schemaLocation="http://www.loc.gov/MARC21/slim http://www.loc.gov/standards/marcxml/schema/MARC21slim.xsd"
    xmlns="http://www.loc.gov/MARC21/slim">

  <leader>00714nam a2200205Ia 4500</leader>
  <controlfield tag="005">20220315103756.0</controlfield>
  <controlfield tag="008">210716s2019    xx            000 0 und d</controlfield>
  <datafield tag="020" ind1=" " ind2=" ">
    <subfield code="a">9789353282127</subfield>
  </datafield>
  <datafield tag="040" ind1=" " ind2=" ">
    <subfield code="c">AIMIT LIBRARY</subfield>
  </datafield>
  <datafield tag="041" ind1=" " ind2=" ">
    <subfield code="a">eng</subfield>
  </datafield>
  <datafield tag="082" ind1=" " ind2=" ">
    <subfield code="a">658.85 </subfield>
    <subfield code="2">1</subfield>
    <subfield code="b">CHAP</subfield>
  </datafield>
  <datafield tag="100" ind1=" " ind2=" ">
    <subfield code="a">Chaudhary, Prashant.</subfield>
    <subfield code="9">23690</subfield>
  </datafield>
  <datafield tag="245" ind1=" " ind2=" ">
    <subfield code="a">Selling and negotiation skills :</subfield>
    <subfield code="b">a pragmatic approach /</subfield>
    <subfield code="c">By Prashant Chaudhary.</subfield>
  </datafield>
  <datafield tag="250" ind1=" " ind2=" ">
    <subfield code="a">1st</subfield>
  </datafield>
  <datafield tag="260" ind1=" " ind2=" ">
    <subfield code="a">New Delhi :</subfield>
    <subfield code="b">Sage Publications ,</subfield>
    <subfield code="c">2019.</subfield>
  </datafield>
  <datafield tag="300" ind1=" " ind2=" ">
    <subfield code="a">Xx, 264p. ;B-4 ;I-4 ;</subfield>
    <subfield code="c">24 cm.</subfield>
  </datafield>
  <datafield tag="650" ind1=" " ind2=" ">
    <subfield code="a">Fundamental concepts types and conceptual instruments of negotiation</subfield>
    <subfield code="9">23691</subfield>
  </datafield>
  <datafield tag="650" ind1=" " ind2=" ">
    <subfield code="a">Negotiated resolution of doklam stand-off</subfield>
    <subfield code="9">23692</subfield>
  </datafield>
  <datafield tag="942" ind1=" " ind2=" ">
    <subfield code="2">ddc</subfield>
    <subfield code="c">BK</subfield>
    <subfield code="e">1st</subfield>
    <subfield code="k">658.85 CHAP</subfield>
  </datafield>
  <datafield tag="999" ind1=" " ind2=" ">
    <subfield code="c">211267</subfield>
    <subfield code="d">211267</subfield>
  </datafield>
  <datafield tag="952" ind1=" " ind2=" ">
    <subfield code="0">0</subfield>
    <subfield code="1">0</subfield>
    <subfield code="2">ddc</subfield>
    <subfield code="4">0</subfield>
    <subfield code="7">0</subfield>
    <subfield code="8">MBA</subfield>
    <subfield code="a">AIMIT</subfield>
    <subfield code="b">AIMIT</subfield>
    <subfield code="d">2019-10-09</subfield>
    <subfield code="g">350.00</subfield>
    <subfield code="i">Bn:RTPL/AIMIT/225;Bd:2019-09-18</subfield>
    <subfield code="l">2</subfield>
    <subfield code="o">658.85 CHAP</subfield>
    <subfield code="p">MBA13831</subfield>
    <subfield code="q">2026-08-03</subfield>
    <subfield code="r">2026-07-03 10:30:05</subfield>
    <subfield code="s">2026-07-03</subfield>
    <subfield code="v">280.00</subfield>
    <subfield code="w">2021-07-16</subfield>
    <subfield code="y">BK</subfield>
  </datafield>
  <datafield tag="952" ind1=" " ind2=" ">
    <subfield code="0">0</subfield>
    <subfield code="1">0</subfield>
    <subfield code="2">ddc</subfield>
    <subfield code="4">0</subfield>
    <subfield code="7">0</subfield>
    <subfield code="8">MBA</subfield>
    <subfield code="a">AIMIT</subfield>
    <subfield code="b">AIMIT</subfield>
    <subfield code="d">2019-10-09</subfield>
    <subfield code="g">350.00</subfield>
    <subfield code="i">Bn:RTPL/AIMIT/225;Bd:2019-09-18</subfield>
    <subfield code="l">1</subfield>
    <subfield code="o">658.85 CHAP</subfield>
    <subfield code="p">MBA13832</subfield>
    <subfield code="r">2026-05-23 00:00:00</subfield>
    <subfield code="s">2021-11-02</subfield>
    <subfield code="v">280.00</subfield>
    <subfield code="w">2021-07-16</subfield>
    <subfield code="y">BK</subfield>
  </datafield>
  <datafield tag="952" ind1=" " ind2=" ">
    <subfield code="0">0</subfield>
    <subfield code="1">0</subfield>
    <subfield code="2">ddc</subfield>
    <subfield code="4">0</subfield>
    <subfield code="7">0</subfield>
    <subfield code="8">MBA</subfield>
    <subfield code="a">AIMIT</subfield>
    <subfield code="b">AIMIT</subfield>
    <subfield code="d">2019-10-09</subfield>
    <subfield code="g">350.00</subfield>
    <subfield code="i">Bn:RTPL/AIMIT/225;Bd:2019-09-18</subfield>
    <subfield code="l">0</subfield>
    <subfield code="o">658.85 CHAP</subfield>
    <subfield code="p">MBA13833</subfield>
    <subfield code="r">2026-05-23 00:00:00</subfield>
    <subfield code="v">280.00</subfield>
    <subfield code="w">2021-07-16</subfield>
    <subfield code="y">BK</subfield>
  </datafield>
  <datafield tag="952" ind1=" " ind2=" ">
    <subfield code="0">0</subfield>
    <subfield code="1">0</subfield>
    <subfield code="2">ddc</subfield>
    <subfield code="4">0</subfield>
    <subfield code="7">0</subfield>
    <subfield code="8">MBA</subfield>
    <subfield code="a">AIMIT</subfield>
    <subfield code="b">AIMIT</subfield>
    <subfield code="d">2019-10-09</subfield>
    <subfield code="g">350.00</subfield>
    <subfield code="i">Bn:RTPL/AIMIT/225;Bd:2019-09-18</subfield>
    <subfield code="l">0</subfield>
    <subfield code="o">658.85 CHAP</subfield>
    <subfield code="p">MBA13834</subfield>
    <subfield code="r">2026-05-23 00:00:00</subfield>
    <subfield code="v">280.00</subfield>
    <subfield code="w">2021-07-16</subfield>
    <subfield code="y">BK</subfield>
  </datafield>
  <datafield tag="952" ind1=" " ind2=" ">
    <subfield code="0">0</subfield>
    <subfield code="1">0</subfield>
    <subfield code="2">ddc</subfield>
    <subfield code="4">0</subfield>
    <subfield code="7">0</subfield>
    <subfield code="8">MBA</subfield>
    <subfield code="a">AIMIT</subfield>
    <subfield code="b">AIMIT</subfield>
    <subfield code="d">2019-10-09</subfield>
    <subfield code="g">350.00</subfield>
    <subfield code="i">Bn:RTPL/AIMIT/225;Bd:2019-09-18</subfield>
    <subfield code="l">0</subfield>
    <subfield code="o">658.85 CHAP</subfield>
    <subfield code="p">MBA13835</subfield>
    <subfield code="r">2026-05-23 00:00:00</subfield>
    <subfield code="v">280.00</subfield>
    <subfield code="w">2021-07-16</subfield>
    <subfield code="y">BK</subfield>
  </datafield>
</record>
